000 00625nam a2200253Ia 4500
005 20260121160757.0
008 008 260114s9999 xx 000 0 eng d
020 _a9781315858302
037 _aEBOOK
040 _aCRL
040 _beng
040 _cCRL
041 _2eng
041 _aeng
084 _qCRL
100 _a Graham Roberts
_91036187
245 0 _aConsumer Culture, Branding and Identity in the New Russia
260 _bTaylor and Francis
260 _c2016
856 _uhttp://www.taylorfrancis.com/books/9781315858302
942 _cEBOOK
999 _c1603003
_d1603003